000 00625nam a2200217 i 4500
001 BINCO
003 CO-MdBIC
005 20220921165631.0
008 220921t2020 spaa|||| |||| 00| 0 spa d
020 _a9789585209442
040 _aCO-MdBIC
_bspa.
_cCO-MdBIC
_dCO-MdBIC
041 _aspa
082 _222
_a086.61
_bQ8
100 _a Quiroga, Horacio
_d1879-1937
245 3 _aLa gallina degollada
_c Quiroga, Horacio
264 _aMedellín:
_bCONFIAR Cooperativa Financiera
_c©2020
300 _a31 páginas :
_bIlustraciones a color ;
_c10,5cm.
490 _aConfiar en la cultura
650 _xCultura
942 _cLGB
999 _c68193
_d68193